01653nam a2200253 i 450000500170000000800410001702000150005804000350007304100080010808200190011611000390013524500860017425000220026026400230028230000390030533600270034433700330037133800280040452008000043265000420123265000420127465000470131665000360136320220316235400.0121119s1997 sz a gsf 000 0 spa d a9243544918 aCO-BoRNBPbspacCO-BoRNBPerda0 aspa04a616.9362bO73p2 aOrganización Mundial de la Salud10aPaludismobmanual para los agentes comunitarioscOrganizacion Mundial de la Salud aPrimera edición 1aGinebrabOMSc1997 a48 páginasbilustracionesc20 cm atextobtxt2rdacontent asin mediaciónbn2rdamedia avolumenbnc2rdacarrier3 aEn este manual se explican las muchas cosas sencillas que pueden hacer los agentes de salud comunitarios para tratar el paludismo, prevenir la aparición de nuevos casos y, de ese modo, ayudar a reducir el alarmante número de fallecimientos, especialmente entre los niños pequeños y las mujeres embarazadas. Mediante un enfoque práctico, este manual se concentra en las actividades que quedan dentro de la competencia de los agentes de salud y que son viables y asequibles a nivel comunitario. Se ofrece información que va desde una explicación elemental de la enfermedad y su transmisión, mediante cuadros en los que se ilustran las pautas de tratamiento correctas para cada grupo de edad, hasta el asesoramiento sobre lo que debe hacerse cuando el tratamiento estándar fracasa14aMalariaxPrevenciónvManuales2LEMB14aMalariaxTratamientosvManuales2LEMB14aEnfermedadesxPrevenciónvManuales2LEMB14aSalud públicavManuales2LEMB